The history of the Virginia colonial children legislation from 1619 to 1792 / (Record no. 17329)

MARC details
000 -LEADER
fixed length control field 00712cam a2200217 a 4500
001 - CONTROL NUMBER
control field ca 34000707
003 - CONTROL NUMBER IDENTIFIER
control field DLC
005 - DATE AND TIME OF LATEST TRANSACTION
control field 20260227111131.0
008 - FIXED-LENGTH DATA ELEMENTS--GENERAL INFORMATION
fixed length control field 000203s1932 xx bm 000 0 eng c
010 ## - LIBRARY OF CONGRESS CONTROL NUMBER
LC control number ca 34000707
040 ## - CATALOGING SOURCE
Original cataloging agency DLC
Transcribing agency DLC
043 ## - GEOGRAPHIC AREA CODE
Geographic area code n-us-va
050 00 - LIBRARY OF CONGRESS CALL NUMBER
Classification number KFV2750.C4
Item number S25 1932
100 1# - MAIN ENTRY--PERSONAL NAME
Personal name Salter, Frances Virginia,
Dates associated with a name 1911-
245 14 - TITLE STATEMENT
Title The history of the Virginia colonial children legislation from 1619 to 1792 /
Statement of responsibility, etc. by Frances Virginia Salter.
260 ## - PUBLICATION, DISTRIBUTION, ETC.
Date of publication, distribution, etc. 1932.
300 ## - PHYSICAL DESCRIPTION
Extent [4], 551, [3] leaves, bound ;
Dimensions 28 cm.
500 ## - GENERAL NOTE
General note Typescript.
504 ## - BIBLIOGRAPHY, ETC. NOTE
Bibliography, etc. note Includes bibliographical references ([2] leaves at end).
650 #0 - SUBJECT ADDED ENTRY--TOPICAL TERM
Topical term or geographic name entry element Children
General subdivision Legal status, laws, etc.
Geographic subdivision Virginia
General subdivision History

No items available.

Powered by Koha